[Event "BL 0506 SG Köln Porz - Godesberger SK"]
[Site "?"]
[Date "2005.11.11"]
[Round "7.2"]
[White "Van Wely, Loek"]
[Black "Jenni, Florian"]
[Result "1-0"]
[WhiteElo "2648"]
[BlackElo "2502"]
[PlyCount "99"]
[EventDate "2005.??.??"]

1. Nf3 Nf6 2. c4 b6 3. g3 Bb7 4. Bg2 c5 5. O-O e6 6. Nc3 Be7 7. Re1 d5 8. cxd5
Nxd5 9. e4 Nb4 10. d4 cxd4 11. Nxd4 N8c6 12. Nxc6 Qxd1 13. Rxd1 Bxc6 14. Bf4 g5
15. Bd6 Rd8 16. e5 Bxd6 17. exd6 Bxg2 18. Kxg2 f5 19. Rac1 Kf7 20. a3 Na6 21.
Nb5 Rd7 22. b4 Rhd8 23. f4 gxf4 24. gxf4 Nb8 25. Rc7 a6 26. Nd4 Ke8 27. Nxe6
Rxd6 28. Ng7+ Kf8 29. Rxd6 Rxd6 30. Nxf5 Rd2+ 31. Kf3 Nd7 32. Ke3 Rd5 33. Ng3
a5 34. bxa5 bxa5 35. Ne4 Ke7 36. Ra7 h6 37. h4 Kd8 38. Ra6 Rh5 39. Rd6 Rxh4 40.
Nc5 Kc7 41. Rxd7+ Kc6 42. f5 Rh1 43. Kf4 Rf1+ 44. Ke5 Re1+ 45. Kf6 Kxc5 46. Rd3
a4 47. Rf3 Kd5 48. Rf4 h5 49. Rxa4 Rg1 50. Rh4 1-0

[Event "BL 0506 SG Köln Porz - Godesberger SK"]
[Site "?"]
[Date "2005.11.11"]
[Round "7.3"]
[White "Sprenger, Jan-Michael"]
[Black "Sokolov, Ivan"]
[Result "1/2-1/2"]
[WhiteElo "2505"]
[BlackElo "2696"]
[PlyCount "121"]
[EventDate "2005.??.??"]

1. e4 e5 2. Nf3 Nc6 3. Bb5 a6 4. Ba4 Nf6 5. O-O Be7 6. Re1 b5 7. Bb3 d6 8. c3
O-O 9. d4 Bg4 10. Be3 Bh5 11. Nbd2 exd4 12. cxd4 Nb4 13. Nf1 c5 14. Ng3 Bg6 15.
a3 Nc6 16. Nh4 Re8 17. Rc1 Bxe4 18. dxc5 dxc5 19. Nxe4 Nxe4 20. Bd5 Rc8 21.
Bxe4 Qxd1 22. Rexd1 Bxh4 23. Bf5 c4 24. Bxc8 Rxc8 25. Rd6 Bf6 26. Rc2 h6 27. f4
a5 28. Rd5 Rb8 29. Kf2 a4 30. Kf3 b4 31. Rc5 c3 32. bxc3 b3 33. Rb2 Rb6 34. Rc4
Ra6 35. Re2 Be7 36. Bc1 f5 37. Rd2 Kf7 38. Rd5 Ke6 39. Rb5 Bd6 40. g4 g6 41. h3
h5 42. gxf5+ gxf5 43. Ke2 h4 44. Bb2 Be7 45. Rb7 Kd6 46. Kf3 Ke6 47. Kf2 Bd6
48. Ke2 Be7 49. Rc7 Kd6 50. Rc8 Bf6 51. Rf8 Ke6 52. Rg8 Ne7 53. Rb8 Nc6 54. Rf8
Be7 55. Rh8 Bf6 56. Rh6 Kf7 57. Rc5 Kg7 58. Rxf5 Nd4+ 59. cxd4 Kxh6 60. Kd3 Kg7
61. Rc5 1/2-1/2

[Event "BL 0506 SG Köln Porz - Godesberger SK"]
[Site "?"]
[Date "2005.11.11"]
[Round "7.4"]
[White "Vaganian, Rafael A"]
[Black "Seel, Christian"]
[Result "1/2-1/2"]
[WhiteElo "2614"]
[BlackElo "2492"]
[PlyCount "129"]
[EventDate "2005.??.??"]

1. d4 Nf6 2. c4 g6 3. g3 Bg7 4. Bg2 d5 5. cxd5 Nxd5 6. Nf3 Nb6 7. Nc3 Nc6 8. e3
O-O 9. O-O Re8 10. d5 Na5 11. Nd4 Bd7 12. e4 c6 13. Re1 cxd5 14. exd5 Nac4 15.
b3 Nd6 16. Bb2 Nf5 17. Nce2 Nc8 18. Qd2 Ncd6 19. Rac1 Qb6 20. Nxf5 Nxf5 21.
Bxg7 Kxg7 22. Qc3+ Kg8 23. Qc7 Red8 24. Nf4 Rac8 25. Qxb6 axb6 26. d6 e6 27.
Bxb7 Rxc1 28. Rxc1 Nxd6 29. Bg2 Kf8 30. Nd3 Rc8 31. Rxc8+ Bxc8 32. f4 Ba6 33.
Nb2 Ke7 34. Kf2 f6 35. Na4 Nc8 36. Ke3 Kd6 37. Nc3 h6 38. b4 Na7 39. a4 Bc4 40.
Ne4+ Ke7 41. Nd2 Bd5 42. Bxd5 exd5 43. Kd4 Nc6+ 44. Kxd5 Nxb4+ 45. Kc4 Na6 46.
Kb5 Nc5 47. a5 bxa5 48. Kxc5 Ke6 49. Kd4 Kf5 50. h3 h5 51. Ke3 a4 52. Nc4 g5
53. Kf3 Kg6 54. h4 gxh4 55. gxh4 Kf5 56. Ne3+ Ke6 57. Nc2 Kd5 58. Ke3 Kc4 59.
Ke4 Kc3 60. Na3 Kb3 61. Nb5 Kc4 62. Nd6+ Kc5 63. Nf5 Kc4 64. Ne3+ Kb3 65. Kd3
1/2-1/2

[Event "BL 0506 SG Köln Porz - Godesberger SK"]
[Site "?"]
[Date "2005.11.11"]
[Round "7.6"]
[White "Graf, Alexander"]
[Black "Grafl, Florian"]
[Result "1-0"]
[WhiteElo "2613"]
[BlackElo "2413"]
[PlyCount "79"]
[EventDate "2005.??.??"]

1. d4 f5 2. g3 Nf6 3. Bg2 g6 4. Nf3 Bg7 5. O-O O-O 6. c4 d6 7. Nc3 Qe8 8. d5
Na6 9. Be3 Bd7 10. Rb1 c5 11. dxc6 bxc6 12. b4 Ng4 13. Qd2 Qf7 14. c5 Nxe3 15.
Qxe3 dxc5 16. b5 f4 17. Qd2 Rad8 18. bxa6 Bf5 19. Qb2 Bxb1 20. Rxb1 Qc4 21. Rc1
Rb8 22. Qd2 Rfd8 23. Qe1 Rb2 24. Bf1 Qb4 25. a3 Qxa3 26. Ne4 fxg3 27. hxg3 Rd5
28. e3 Rf5 29. Bc4+ Kh8 30. Qd1 Qa5 31. Nfg5 h6 32. Ne6 Rb8 33. Qg4 Kh7 34. Nf4
Rxf4 35. Qxf4 Rf8 36. Qh4 Qa3 37. Rf1 Qb2 38. Ng5+ Kh8 39. Ne6 Rf6 40. Qe4 1-0

[Event "BL 0506 SG Köln Porz - Godesberger SK"]
[Site "?"]
[Date "2005.11.11"]
[Round "7.7"]
[White "Jackelen, Thomas"]
[Black "Gurevich, Mikhail"]
[Result "0-1"]
[WhiteElo "2454"]
[BlackElo "2652"]
[PlyCount "110"]
[EventDate "2005.??.??"]

1. Nf3 d5 2. d4 Nf6 3. c4 c6 4. e3 Bf5 5. Nc3 e6 6. Nh4 Bg6 7. Nxg6 hxg6 8. g3
Nbd7 9. Bg2 Be7 10. O-O dxc4 11. Qe2 Qa5 12. Qxc4 Qh5 13. h3 g5 14. f4 gxf4 15.
exf4 Nb6 16. Qb3 O-O-O 17. Be3 Nbd5 18. Bd2 Nb4 19. Be3 Qf5 20. g4 Qc2 21. Rf2
Qxb3 22. axb3 Nfd5 23. Nxd5 Nxd5 24. Bd2 Bf6 25. Bc3 a6 26. f5 Nxc3 27. bxc3 e5
28. dxe5 Bxe5 29. Rf3 Rd2 30. Re1 Bf6 31. Rfe3 Rhd8 32. Bf1 Rc2 33. R1e2 Rc1
34. Re1 Bg5 35. Re8 Rxc3 36. Rxd8+ Kxd8 37. Bc4 f6 38. Kg2 b5 39. Be6 Kc7 40.
Rd1 Bf4 41. Rd7+ Kb6 42. Rxg7 Rg3+ 43. Kf2 Rxh3 44. Rg6 Bg5 45. Rg8 a5 46. Ra8
Rc3 47. Kg2 Rd3 48. Kf2 Bh4+ 49. Ke2 Rg3 50. Rg8 Kc5 51. Kd1 Bg5 52. Ra8 Kb4
53. Rc8 Rxb3 54. Bxb3 Kxb3 55. Rxc6 a4 0-1

[Event "BL 0506 SG Solingen- SV Wattenscheid"]
[Site "?"]
[Date "2005.12.09"]
[Round "7.3"]
[White "Rustemov, Alexander"]
[Black "Baramidze, David"]
[Result "1-0"]
[WhiteElo "2564"]
[BlackElo "2542"]
[PlyCount "83"]
[EventDate "2005.12.09"]

1. d4 d5 2. c4 e6 3. Nc3 Nf6 4. cxd5 exd5 5. Bg5 c6 6. e3 Bf5 7. Qf3 Bg6 8.
Bxf6 Qxf6 9. Qxf6 gxf6 10. Nf3 a5 11. Rc1 Nd7 12. Nh4 Be7 13. g3 Nb6 14. f3 a4
15. Kf2 Nc4 16. e4 Nxb2 17. exd5 O-O 18. Be2 Rfd8 19. f4 Nd3+ 20. Bxd3 Bxd3 21.
Ke3 Bc4 22. dxc6 bxc6 23. Rhd1 Re8 24. Kf2 Bb4 25. Ne4 Rxe4 26. Rxc4 c5 27. Kf3
Rae8 28. Nf5 h5 29. Rd3 R8e6 30. a3 Be1 31. Re3 Rxe3+ 32. Nxe3 cxd4 33. Rxd4
Rb6 34. Ke2 Bc3 35. Rxa4 Rb2+ 36. Kd3 Be1 37. Nc2 Bf2 38. Rb4 Rxb4 39. axb4 Bg1
40. b5 Kf8 41. Nd4 Ke8 42. Ne2 1-0

[Event "BL 0506 SG Solingen- SV Wattenscheid"]
[Site "?"]
[Date "2005.12.09"]
[Round "7.4"]
[White "Stellwagen, Daniel"]
[Black "Holzke, Frank"]
[Result "1/2-1/2"]
[WhiteElo "2561"]
[BlackElo "2479"]
[PlyCount "245"]
[EventDate "2005.12.09"]

1. e4 e5 2. Nf3 Nc6 3. Bb5 a6 4. Ba4 Nf6 5. O-O Nxe4 6. d4 b5 7. Bb3 d5 8. dxe5
Be6 9. Nbd2 Be7 10. c3 O-O 11. Re1 Nc5 12. Bc2 Bg4 13. Nf1 Re8 14. h3 Bh5 15.
Ng3 Bg6 16. Nf5 Qd7 17. g4 Ne6 18. Be3 Na5 19. b3 b4 20. c4 c6 21. Qd2 Qb7 22.
cxd5 cxd5 23. Rad1 Rad8 24. N3d4 Nc6 25. f4 Bxf5 26. Nxf5 Bf8 27. Bf2 g6 28.
Nd6 Bxd6 29. exd6 Rxd6 30. f5 Ng7 31. Qf4 Rdd8 32. Bh4 Rxe1+ 33. Rxe1 Re8 34.
Rf1 Qa7+ 35. Bf2 Qe7 36. Bd3 Qe5 37. Qxe5 Nxe5 38. Bxa6 gxf5 39. gxf5 Nxf5 40.
Bc5 Ng3 41. Rd1 Ra8 42. Rxd5 Rxa6 43. Rxe5 f5 44. Bxb4 Rxa2 45. Be1 Ne2+ 46.
Kf1 Nd4 47. b4 f4 48. Bc3 Nc2 49. Rg5+ Kf7 50. Rf5+ Ke6 51. Rxf4 Ra3 52. Rf3
Nxb4 53. Rf6+ Kd5 54. Bxb4 Rxh3 55. Ke2 Ke4 56. Be1 Re3+ 57. Kf2 Rh3 58. Kg2
Rh5 59. Bg3 Rf5 60. Re6+ Kd5 61. Re7 h5 62. Kh3 Kc6 63. Kh4 Kd5 64. Ra7 Ke6 65.
Ra4 Kf7 66. Bf4 Kg6 67. Be3 Rf1 68. Ra6+ Kf5 69. Ra5+ Ke4 70. Bh6 Rh1+ 71. Kg3
Rg1+ 72. Kh2 Rg8 73. Rxh5 Rh8 74. Kg3 Rg8+ 75. Bg5 Kf5 76. Kh4 Kg6 77. Rh6+ Kf5
78. Rf6+ Ke4 79. Kg4 Re8 80. Rf4+ Kd3 81. Kf5 Ke2 82. Ra4 Kd3 83. Ra3+ Ke2 84.
Bf4 Kf2 85. Be5 Rc8 86. Ke4 Rc2 87. Bd4+ Ke2 88. Rh3 Kd2 89. Rh1 Ke2 90. Rh3
Kd2 91. Rd3+ Ke2 92. Re3+ Kd1 93. Rg3 Ke2 94. Rf3 Kd1 95. Bc3 Ke2 96. Rh3 Kd1
97. Kd4 Ke2 98. Rh2+ Kd1 99. Rh1+ Ke2 100. Ra1 Kf3 101. Kd3 Re2 102. Bd4 Re6
103. Rf1+ Kg4 104. Rf8 Kg5 105. Ra8 Kf5 106. Ra5+ Kf4 107. Rb5 Kf3 108. Be5 Kg4
109. Ke4 Rg6 110. Rb1 Kh5 111. Rh1+ Kg4 112. Rh8 Kg5 113. Rc8 Kg4 114. Bf4 Kh5
115. Kf5 Rg5+ 116. Kf6 Rg6+ 117. Ke5 Kg4 118. Ra8 Kf3 119. Ra3+ Ke2 120. Ke4
Rg2 121. Ra1 Kf2 122. Rb1 Ke2 123. Rb2+ 1/2-1/2

[Event "BL 0506 SG Solingen- SV Wattenscheid"]
[Site "?"]
[Date "2005.12.09"]
[Round "7.5"]
[White "Handke, Florian"]
[Black "Naumann, Alexander"]
[Result "0-1"]
[WhiteElo "2460"]
[BlackElo "2534"]
[PlyCount "67"]
[EventDate "2005.12.09"]

1. e4 c5 2. Nf3 d6 3. d4 cxd4 4. Nxd4 Nf6 5. Nc3 a6 6. Be3 e6 7. f3 b5 8. g4 h6
9. Qd2 b4 10. Nce2 e5 11. Nb3 a5 12. c4 Be6 13. Ng3 Nc6 14. Rd1 g6 15. Qf2 Qc7
16. h3 h5 17. gxh5 Nxh5 18. Nxh5 Rxh5 19. c5 Bxb3 20. cxd6 Bxd6 21. Bb6 Qe7 22.
Bb5 Bxd1 23. Bxc6+ Kf8 24. Bxa8 Ba4 25. Bd5 Kg7 26. h4 Bd7 27. Be3 Be6 28. Bxe6
Qxe6 29. b3 Be7 30. Kf1 f5 31. exf5 Qxf5 32. Kg2 Rh8 33. Rh3 Rc8 34. Kh1 0-1

[Event "BL 0506 SG Solingen- SV Wattenscheid"]
[Site "?"]
[Date "2005.12.09"]
[Round "7.6"]
[White "Smeets, Jan"]
[Black "Appel, Ralf"]
[Result "1/2-1/2"]
[WhiteElo "2521"]
[BlackElo "2488"]
[PlyCount "98"]
[EventDate "2005.12.09"]

1. e4 Nf6 2. e5 Nd5 3. d4 d6 4. c4 Nb6 5. exd6 exd6 6. Nc3 Be7 7. h3 O-O 8. Bd3
c6 9. Qc2 g6 10. Nf3 Na6 11. a3 Re8 12. O-O Nc7 13. Re1 Ne6 14. Bh6 Bf6 15. Ne4
Bg7 16. Bxg7 Nxg7 17. c5 dxc5 18. dxc5 Nd5 19. Nd6 Re7 20. Qd2 Ne8 21. Nxe8
Qxe8 22. Bc4 Be6 23. Ng5 Qf8 24. Re2 Rd8 25. Rae1 Nb6 26. Qf4 Nxc4 27. Nxe6
Rxe6 28. Rxe6 fxe6 29. Qxc4 Rd5 30. b4 Qf6 31. Qe4 Kf7 32. g3 Qf5 33. Qh4 h5
34. Re2 Qf3 35. Re1 Rd2 36. Rf1 e5 37. Qc4+ Qd5 38. Qh4 Rd3 39. Qg5 Qd4 40. Re1
Rd2 41. Re3 Qd5 42. Rf3+ Qxf3 43. Qxd2 Qf5 44. Qd6 Qb1+ 45. Kg2 Qe4+ 46. Kf1
Qb1+ 47. Ke2 Qa2+ 48. Kf1 Qb1+ 49. Ke2 Qa2+ 1/2-1/2

[Event "BL 0506 SG Solingen- SV Wattenscheid"]
[Site "?"]
[Date "2005.12.09"]
[Round "7.7"]
[White "Lemmers, Oscar"]
[Black "Hoffmann, Michael"]
[Result "0-1"]
[WhiteElo "2425"]
[BlackElo "2443"]
[PlyCount "166"]
[EventDate "2005.12.09"]

1. e4 c5 2. c3 Nf6 3. e5 Nd5 4. Bc4 e6 5. d4 Nc6 6. dxc5 Bxc5 7. Nf3 d6 8. Bxd5
exd5 9. Qxd5 Be6 10. Qe4 dxe5 11. Nxe5 Nxe5 12. Qxe5 Qb6 13. O-O O-O 14. Nd2
Rfe8 15. Qg3 Bd5 16. Nb3 Bxf2+ 17. Qxf2 Re2 18. Nd4 Rxf2 19. Rxf2 Re8 20. Bf4
h5 21. b3 Re4 22. Rd1 Qg6 23. Bc1 Rg4 24. Rdd2 Qb1 25. Rf1 Qe4 26. Nf3 Bc6 27.
h3 Rg6 28. Kh1 Qe7 29. Re1 Re6 30. Rxe6 Qxe6 31. Rd8+ Be8 32. Bf4 f6 33. Nd4
Qe7 34. Ra8 a6 35. Bg3 Qe4 36. Nf3 Kf7 37. Nd4 h4 38. Bf2 g5 39. a4 Bd7 40. Kg1
Qb1+ 41. Kh2 Qb2 42. Kg1 Qc1+ 43. Kh2 Qxc3 44. Rh8 Kg7 45. Ra8 Qc7+ 46. Kh1 g4
47. hxg4 Bxg4 48. Re8 Qf4 49. Kg1 h3 50. gxh3 Bxh3 51. Re3 Bc8 52. Rc3 Bg4 53.
Kf1 Qe4 54. Kg1 Kg6 55. Kh2 Bd7 56. Kg1 b5 57. axb5 axb5 58. Re3 Qd5 59. Rc3 b4
60. Rg3+ Kf7 61. Kf1 Qe4 62. Be3 Bc8 63. Kf2 Bb7 64. Ke2 Ba6+ 65. Kd2 Qd3+ 66.
Ke1 Qc3+ 67. Kf2 Qb2+ 68. Ke1 Bd3 69. Rf3 Be4 70. Rf4 Qc3+ 71. Ke2 Qd3+ 72. Kf2
Bd5 73. Nf3 Bxf3 74. Rxf3 Qxb3 75. Bd4 Qc2+ 76. Kg3 f5 77. Bh8 Qc7+ 78. Kg2 Ke6
79. Rf2 Qc4 80. Bb2 f4 81. Rd2 Kf5 82. Kf2 Ke4 83. Bh8 Qc5+ 0-1

[Event "BL 0506 SG Solingen- SV Wattenscheid"]
[Site "?"]
[Date "2005.12.09"]
[Round "7.8"]
[White "Ernst, Sipke"]
[Black "Sträter, Timo"]
[Result "1-0"]
[WhiteElo "2473"]
[BlackElo "2342"]
[PlyCount "119"]
[EventDate "2005.12.09"]

1. d4 d5 2. c4 e6 3. Nf3 Nf6 4. Nc3 Nbd7 5. Bg5 Be7 6. e3 O-O 7. Bd3 dxc4 8.
Bxc4 a6 9. a4 c5 10. O-O cxd4 11. exd4 Nb6 12. Bb3 Nbd5 13. Re1 Nb4 14. Ne5 Bd7
15. Qe2 Rc8 16. d5 Nfxd5 17. Nxd5 Nxd5 18. Bxd5 Bxg5 19. Bxb7 Rc7 20. Bxa6 Bc8
21. Bxc8 Qxc8 22. a5 Rc2 23. Qb5 Bd2 24. Red1 Rd8 25. a6 Qb8 26. Qa4 Rdc8 27.
a7 Qa8 28. Qd7 Be3 29. Qxf7+ Kh8 30. Ng4 R2c7 31. Rd8+ Rxd8 32. Qxc7 Bxa7 33.
Ne3 Bb6 34. Rxa8 Bxc7 35. Rxd8+ Bxd8 36. Kf1 Kg8 37. Ke2 Kf7 38. Nc4 Ke7 39.
Kd3 Bc7 40. h3 Kd7 41. Nd2 Kd6 42. Kc4 Kc6 43. Ne4 Bb6 44. b4 h6 45. f3 Ba7 46.
Nc3 Bg1 47. Na4 Be3 48. Nc5 Kd6 49. Ne4+ Kc6 50. Ng3 g6 51. Ne2 Kd6 52. Kd3 Bf2
53. Ke4 Be1 54. b5 Bd2 55. Nf4 g5 56. Ne2 Ba5 57. Nc1 Bb6 58. Nd3 Ba5 59. Ne5
Kc5 60. b6 1-0

[Event "BL 0506 SF Katernberg - SV Mülheim Nord"]
[Site "?"]
[Date "2005.12.09"]
[Round "7.2"]
[White "Erenburg, Sergey"]
[Black "Fridman, Daniel"]
[Result "1-0"]
[WhiteElo "2582"]
[BlackElo "2564"]
[PlyCount "83"]
[EventDate "2005.??.??"]

1. e4 c6 2. d4 d5 3. e5 c5 4. dxc5 Nc6 5. Nf3 Bg4 6. Bb5 e6 7. b4 Nge7 8. c3 a6
9. Ba4 Qc7 10. Bf4 f6 11. Bg3 Nf5 12. exf6 Nxg3 13. hxg3 gxf6 14. Qd4 Bxf3 15.
gxf3 Bg7 16. Nd2 O-O-O 17. Bxc6 bxc6 18. Nb3 f5 19. Qd3 Kb7 20. O-O-O h5 21. a4
Rb8 22. Rde1 Rh6 23. Na5+ Ka7 24. Rxh5 Rxh5 25. Rxe6 Rh6 26. Nxc6+ Qxc6 27.
Rxc6 Rxc6 28. Qxd5 Rbc8 29. Kc2 f4 30. Qf7+ R8c7 31. Qxf4 Re7 32. Kb3 Rcc7 33.
Qd6 Rb7 34. c6 Rbc7 35. Qc5+ Ka8 36. Qb6 Be5 37. f4 Bd6 38. Qxa6+ Kb8 39. Qb6+
Kc8 40. b5 Rf7 41. Qd4 Bf8 42. a5 1-0

[Event "BL 0506 SF Katernberg - SV Mülheim Nord"]
[Site "?"]
[Date "2005.12.09"]
[Round "7.3"]
[White "Levin, Felix"]
[Black "Kritz, Leonid"]
[Result "0-1"]
[WhiteElo "2506"]
[BlackElo "2545"]
[PlyCount "82"]
[EventDate "2005.??.??"]

1. d4 Nf6 2. c4 g6 3. Nc3 Bg7 4. e4 d6 5. Nf3 O-O 6. Be3 Ng4 7. Bg5 f6 8. Bh4
Nh6 9. Qd2 g5 10. Bg3 e5 11. dxe5 dxe5 12. O-O-O Qe7 13. Nd5 Qf7 14. h3 Na6 15.
Qc2 c6 16. Ne3 Be6 17. Nf5 b5 18. a3 b4 19. Nd6 Qc7 20. c5 bxa3 21. Bxa6 axb2+
22. Qxb2 Rab8 23. Qa1 Nf7 24. Nxf7 Qxf7 25. Rd6 Rb4 26. Nd2 Rfb8 27. Qa5 Bf8
28. Rd3 Rb2 29. Rd1 Ra2 30. Ra3 Rbb2 31. Bd3 Qb7 32. Rxa2 Rxa2 33. Qc3 Bxc5 34.
Bc4 Ba3+ 35. Qxa3 Rxa3 36. Bxe6+ Kf8 37. Kc2 Qb4 38. Bb3 a5 39. Rb1 a4 40. Be6
Qc3+ 41. Kd1 Ra1 0-1

[Event "BL 0506 SF Katernberg - SV Mülheim Nord"]
[Site "?"]
[Date "2005.12.09"]
[Round "7.4"]
[White "Chuchelov, Vladimir"]
[Black "Schebler, Gerhard"]
[Result "1/2-1/2"]
[WhiteElo "2534"]
[BlackElo "2474"]
[PlyCount "36"]
[EventDate "2005.??.??"]

1. Nf3 d6 2. c4 g6 3. d4 Bg7 4. Nc3 e5 5. dxe5 dxe5 6. Qxd8+ Kxd8 7. Bd2 Be6 8.
O-O-O Nd7 9. e3 f6 10. h3 Nh6 11. g4 Nf7 12. Rg1 Nd6 13. b3 c6 14. Kc2 Kc7 15.
Bc1 Rhe8 16. Ba3 Bf8 17. Bb2 h5 18. Be2 Nc5 {(=)} 1/2-1/2

[Event "BL 0506 SF Katernberg - SV Mülheim Nord"]
[Site "?"]
[Date "2005.12.09"]
[Round "7.5"]
[White "Saltaev, Mihail"]
[Black "Glek, Igor V"]
[Result "1/2-1/2"]
[WhiteElo "2498"]
[BlackElo "2566"]
[PlyCount "30"]
[EventDate "2005.??.??"]

1. e4 e6 2. d4 d5 3. e5 c5 4. c3 Nc6 5. Nf3 Nh6 6. a3 Nf5 7. b4 cxd4 8. cxd4
Bd7 9. Bb2 b5 10. Nc3 a5 11. Nxb5 axb4 12. a4 Be7 13. Bd3 O-O 14. O-O Na7 15.
Qe2 Nc8 {(=) 1/2-1/2 Saltaev-Glek} 1/2-1/2

[Event "BL 0506 SF Katernberg - SV Mülheim Nord"]
[Site "?"]
[Date "2005.12.09"]
[Round "7.6"]
[White "Smagin, Sergey"]
[Black "Hausrath, Daniel"]
[Result "0-1"]
[WhiteElo "2565"]
[BlackElo "2463"]
[PlyCount "104"]
[EventDate "2005.??.??"]

1. e4 c5 2. Nf3 g6 3. c3 Bg7 4. d4 cxd4 5. cxd4 d5 6. e5 Nh6 7. Nc3 O-O 8. Be2
Nc6 9. h3 f6 10. exf6 exf6 11. O-O Nf5 12. Bb5 Be6 13. Na4 Bf7 14. Bxc6 bxc6
15. b3 Re8 16. Ba3 h5 17. Re1 Qa5 18. Bc5 Re4 19. Qd3 Rae8 20. Nc3 Rxe1+ 21.
Rxe1 Rxe1+ 22. Nxe1 Bf8 23. Bxf8 Kxf8 24. Nf3 h4 25. Na4 Kg7 26. Qb1 Qb4 27.
Qd3 Qa3 28. Qc2 Qd6 29. Nc3 Qf4 30. Ne2 Qe4 31. Qd2 g5 32. Nc3 Qe7 33. Ne1 Nxd4
34. f4 Qb4 35. Kh1 Nb5 36. Nb1 Qe4 37. a4 Nd6 38. Nc3 Qxf4 39. Qxf4 gxf4 40. b4
Ne4 41. Nd1 Bh5 42. Nb2 Ng5 43. Kg1 Kg6 44. Nbd3 Kf5 45. b5 cxb5 46. axb5 Be2
47. Kf2 f3 48. Nb4 Ne4+ 49. Ke3 d4+ 50. Kxd4 f2 51. Nec2 Kg6 52. Ne3 Ng3 0-1

[Event "BL 0506 SF Katernberg - SV Mülheim Nord"]
[Site "?"]
[Date "2005.12.09"]
[Round "7.7"]
[White "Sielecki, Christof"]
[Black "L'Ami, Erwin"]
[Result "1/2-1/2"]
[WhiteElo "2382"]
[BlackElo "2541"]
[PlyCount "98"]
[EventDate "2005.??.??"]

1. Nf3 Nf6 2. c4 c6 3. d4 d5 4. cxd5 cxd5 5. Nc3 Nc6 6. Bf4 a6 7. Rc1 Bf5 8. e3
Rc8 9. Be2 e6 10. O-O Bd6 11. Bxd6 Qxd6 12. Na4 Nd7 13. Nc5 Nxc5 14. Rxc5 Bg4
15. Ne5 {(=)} Bxe2 16. Qxe2 O-O 17. Rfc1 Ne7 18. Rxc8 Rxc8 19. Rxc8+ Nxc8 20.
Qc2 Qd8 21. g3 Nd6 22. Nd3 g5 23. Kg2 Kg7 24. h3 h5 25. Qe2 Qh8 26. Nc5 Qh7 27.
Qd3 Qxd3 28. Nxd3 a5 29. Kf1 f6 30. Ke2 b6 31. g4 h4 32. f3 Kf7 33. a4 Ke7 34.
b3 Nf7 35. f4 Nd6 36. Ne1 Ne4 37. Nf3 Kd6 38. fxg5 fxg5 39. Ke1 b5 40. axb5 Kc7
41. Nd2 Nd6 42. Nf3 Ne4 43. Nd2 Nxd2 44. Kxd2 Kb6 45. Kd3 Kxb5 46. Kc3 a4 47.
bxa4+ Kxa4 48. Kc2 Ka5 49. Kc3 Ka4 1/2-1/2

[Event "BL 0506 SF Katernberg - SV Mülheim Nord"]
[Site "?"]
[Date "2005.12.09"]
[Round "7.8"]
[White "Souleidis, Georgios"]
[Black "Kern, Guido"]
[Result "1/2-1/2"]
[WhiteElo "2421"]
[BlackElo "2340"]
[PlyCount "95"]
[EventDate "2005.??.??"]

1. e4 e6 2. d4 d5 3. Nc3 Nf6 4. e5 Nfd7 5. f4 c5 6. Nf3 Nc6 7. Be3 a6 8. Qd2 b5
9. Be2 Qb6 10. Nd1 cxd4 11. Nxd4 Nxd4 12. Bxd4 Bc5 13. c3 Nb8 14. Ne3 Nc6 15.
Bxc5 Qxc5 16. Nc2 Bb7 17. b4 Qb6 18. Nd4 O-O 19. O-O f6 20. Qe3 Rae8 21. Bd3
Bc8 22. Rae1 Bd7 23. Qh3 f5 24. Qe3 Nxd4 25. cxd4 Rc8 26. Rc1 Rxc1 27. Rxc1 Rc8
28. Rc5 Rxc5 29. dxc5 Qc7 30. g4 fxg4 31. Qe2 Qd8 32. Qxg4 Bc8 33. Kf2 d4 34.
Be4 a5 35. a3 axb4 36. axb4 Qd7 37. Qh4 h6 38. c6 Qc7 39. Qh5 Qe7 40. Qg6 Kf8
41. Bf3 Qxb4 42. Qh7 Qd2+ 43. Kg3 Qe1+ 44. Kg2 Qd2+ 45. Kg3 Qe1+ 46. Kg2 Qd2+
47. Kg3 Qe1+ 48. Kg2 1/2-1/2

[Event "BL 0506 SF Katernberg - SG Kirchheim"]
[Site "?"]
[Date "2005.12.11"]
[Round "6.1"]
[White "Wippermann, Till"]
[Black "Volokitin, Andrei"]
[Result "0-1"]
[WhiteElo "2446"]
[BlackElo "2666"]
[PlyCount "56"]
[EventDate "2005.??.??"]

1. e4 c5 2. Nf3 e6 3. b3 Nc6 4. Bb2 d5 5. exd5 exd5 6. Bb5 Nf6 7. O-O Be7 8.
Ne5 Qc7 9. Re1 O-O 10. Nxc6 bxc6 11. Be2 Ne4 12. Bf3 f5 13. d3 Bd6 14. dxe4
Bxh2+ 15. Kh1 Qf4 (15... fxe4 16. Bxe4 dxe4 17. Nd2 Qd6 18. Qh5) 16. exd5 (16.
g3 Qh6 17. Bc1 f4 18. Bh5 Qe6 19. Bg4 (19. g4 Qf6 20. Kxh2 Qh4+ (20... Qxa1)
21. Kg1 f3 22. Qd3 Bxg4 23. exd5) 19... Qe5 20. Bxc8 fxg3 21. exd5 Qxa1 22.
Be6+ Kh8 23. Be3 gxf2 24. Rf1) 16... Qh4 17. Na3 Be5+ 18. Kg1 Qh2+ 19. Kf1 Bxb2
20. Nc4 Bxa1 21. Qxa1 Qh1+ 22. Ke2 Re8+ 23. Kd2 Qh6+ 24. Re3 Bb7 25. d6 Rad8
26. Qe1 Ba6 27. Kc3 Qf6+ 28. Kd2 Qd4+ 0-1

[Event "BL 0506 SF Katernberg - SG Kirchheim"]
[Site "?"]
[Date "2005.12.11"]
[Round "6.3"]
[White "Beckhuis, Gernod"]
[Black "Kritz, Leonid"]
[Result "1/2-1/2"]
[WhiteElo "2328"]
[BlackElo "2545"]
[PlyCount "67"]
[EventDate "2005.??.??"]

1. d4 Nf6 2. Nf3 g6 3. c4 Bg7 4. Nc3 O-O 5. e4 d6 6. Be2 e5 7. d5 a5 8. Bg5 h6
9. Bh4 Na6 10. Nd2 Qe8 11. O-O Nh7 12. a3 Bd7 13. Kh1 h5 14. f3 Bh6 15. b3 Be3
16. Qc2 f5 17. exf5 gxf5 18. Bf2 Bf4 19. Rae1 Nf6 20. g3 Bh6 21. Rg1 Qf7 22.
Nf1 Rae8 23. Be3 Bg7 24. Bg5 Qg6 25. Bh4 c6 26. Ne3 Qh7 27. Qd1 Bh6 28. Bf1 e4
29. f4 Re7 30. Bxf6 Rxf6 31. Qxh5 Kh8 32. Ne2 Rf8 33. Nd4 Nc7 34. Be2 1/2-1/2

[Event "BL 0506 SF Katernberg - SG Kirchheim"]
[Site "?"]
[Date "2005.12.11"]
[Round "6.4"]
[White "Chuchelov, Vladimir"]
[Black "Wintzer, Joachim Dr"]
[Result "1-0"]
[WhiteElo "2534"]
[BlackElo "2324"]
[PlyCount "81"]
[EventDate "2005.??.??"]

1. Nf3 Nf6 2. c4 e6 3. Nc3 c5 4. g3 d5 5. cxd5 Nxd5 6. Bg2 Nc6 7. O-O Be7 8.
Nxd5 exd5 9. d4 O-O 10. dxc5 Bxc5 11. Bg5 Qb6 12. Rc1 d4 13. Qc2 Bd6 14. Nd2
Be6 15. Nc4 Bxc4 16. Qxc4 h6 17. Bd2 Qxb2 18. Rc2 Qb6 19. Qa4 Rfc8 20. Rfc1 Qd8
21. Bxc6 Rxc6 22. Rxc6 bxc6 23. Rxc6 Bc7 24. Qc4 Be5 25. Kg2 Qd7 26. a4 h5 27.
h3 Re8 28. a5 Bb8 29. Rc5 Qb7+ 30. Qd5 Qa6 31. Rb5 h4 32. g4 Qf6 33. Bg5 Qe6
34. Qxe6 fxe6 35. Kf3 e5 36. Ke4 Bc7 37. Bxh4 Re6 38. Rc5 Bd6 39. Rc6 Kf7 40.
Kd5 g5 41. Rxd6 1-0

[Event "BL 0506 SF Katernberg - SG Kirchheim"]
[Site "?"]
[Date "2005.12.11"]
[Round "6.5"]
[White "Rudolph, Johannes"]
[Black "Glek, Igor V"]
[Result "0-1"]
[WhiteElo "2314"]
[BlackElo "2566"]
[PlyCount "94"]
[EventDate "2005.??.??"]

1. d4 Nf6 2. c4 d6 3. Nc3 e5 4. d5 Nbd7 5. e4 Nc5 6. Qc2 a5 7. Be2 Be7 8. Nf3
Bg4 9. Ng1 Bd7 10. Nf3 c6 11. Be3 cxd5 12. exd5 Qc8 13. O-O O-O 14. Rac1 b6 15.
Qd1 Ng4 16. Bd2 f5 17. Ne1 f4 18. f3 Nxh2 19. Kxh2 Bh4 20. Rh1 Bf2 21. g4 fxg3+
22. Kg2 Bf5 23. Bg5 Qe8 24. Nd3 Nxd3 25. Bxd3 Qg6 26. Bxf5 Rxf5 27. Ne4 Rxg5
28. Nxg5 Qxg5 29. Qd3 h6 30. Rc2 Rf8 31. Re2 h5 32. Re4 g6 33. a3 a4 34. b3
axb3 35. Qxb3 Kg7 36. Qd3 Ra8 37. Re2 Bc5 38. Ra2 Qf4 39. Qe4 Ra4 40. Qxf4 exf4
41. Rc1 Kf6 42. Rc3 Bd4 43. Rc1 Be3 44. Rcc2 Ke5 45. Rab2 Rxa3 46. Ra2 Rd3 47.
Ra1 Kd4 0-1

[Event "BL 0506 SF Katernberg - SG Kirchheim"]
[Site "?"]
[Date "2005.12.11"]
[Round "6.6"]
[White "Smagin, Sergey"]
[Black "Zuse, Klaus-Peter"]
[Result "1/2-1/2"]
[WhiteElo "2565"]
[BlackElo "2333"]
[PlyCount "108"]
[EventDate "2005.??.??"]

1. e4 Nc6 2. Nf3 d6 3. d4 Bg4 4. c3 Nf6 5. h3 Bh5 6. Bb5 a6 7. Ba4 d5 8. Bxc6+
bxc6 9. Qa4 Bxf3 10. Qxc6+ Nd7 11. gxf3 dxe4 12. fxe4 Rb8 13. Nd2 e5 14. Nc4
exd4 15. cxd4 Bb4+ 16. Kf1 O-O 17. Rg1 Re8 18. Bg5 Qc8 19. Rg3 Re6 20. Qa4 Rxe4
21. Rd1 Nf8 22. Qc2 Qb7 23. d5 Rbe8 24. Re3 Rxe3 25. Bxe3 Qc8 26. Kg2 Ng6 27.
Rd4 Qd8 28. Kf1 Qd7 29. Kg2 Be7 30. Kg3 f5 31. f4 Bd6 32. Nxd6 Rxe3+ 33. Kf2
Rxh3 34. Qxf5 Rf3+ 35. Ke2 Qxf5 36. Nxf5 Rxf4 37. d6 Rxd4 38. Nxd4 cxd6 39. b4
Kf7 40. a4 Nf4+ 41. Kf3 Nd5 42. b5 axb5 43. Nxb5 Ke7 44. a5 Nb4 45. Nd4 Kd7 46.
Kg4 Nc6 47. a6 Na7 48. Kg5 d5 49. Nf5 Kc6 50. Nxg7 Kb6 51. Ne6 Nb5 52. Kh6 Kxa6
53. Nf4 d4 54. Ne6 Kb6 1/2-1/2